Bismarcks Glaube
| Main Author: | |
|---|---|
| Format: | Print Book |
| Language: | German |
| Subito Delivery Service: | Order now. |
| Check availability: | HBZ Gateway |
| WorldCat: | WorldCat |
| Interlibrary Loan: | Interlibrary Loan for the Fachinformationsdienste (Specialized Information Services in Germany) |
| Published: |
Tübingen
Mohr
1915
|
| In: | Year: 1915 |
| Reviews: | Baumgarten, Otto, Bismarcks Glaube (1916) (Titius, Arthur, 1864 - 1936)
|
| Further subjects: | B
Bismarck, Otto von (1815-1898)
B Religiosity |
| Online Access: |
Table of Contents |
MARC
| LEADER | 00000cam a22000002c 4500 | ||
|---|---|---|---|
| 001 | 1070313211 | ||
| 003 | DE-627 | ||
| 005 | 20251224214522.0 | ||
| 007 | tu | ||
| 008 | 850101s1915 xx ||||| 00| ||ger c | ||
| 035 | |a (DE-627)1070313211 | ||
| 035 | |a (DE-603)113191707 | ||
| 035 | |a (DE-576)000313211 | ||
| 035 | |a (DE-599)BSZ000313211 | ||
| 035 | |a (OCoLC)251966117 | ||
| 035 | |a (OCoLC)05529338 | ||
| 035 | |a (DE-604)8029649641 | ||
| 040 | |a DE-627 |b ger |c DE-627 |e rakwb | ||
| 041 | |a ger | ||
| 082 | 0 | |a 943.07 | |
| 084 | |a 1 |a 0 |2 ssgn | ||
| 084 | |a BB 1490 |2 rvk |0 (DE-625)rvk/9138: | ||
| 084 | |a NP 2790 |2 rvk |0 (DE-625)rvk/127535: | ||
| 084 | |a BO 6550 |2 rvk |0 (DE-625)rvk/14756: | ||
| 084 | |a 15.36 |2 bkl | ||
| 100 | 1 | |0 (DE-588)118817841 |0 (DE-627)134226666 |0 (DE-576)20961949X |4 aut |a Baumgarten, Otto |d 1858-1934 | |
| 109 | |a Baumgarten, Otto 1858-1934 |a Baumgarten, O. 1858-1934 | ||
| 245 | 1 | 0 | |a Bismarcks Glaube |c von Otto Baumgarten |
| 264 | 1 | |a Tübingen |b Mohr |c 1915 | |
| 300 | |a 324 S. | ||
| 336 | |a Text |b txt |2 rdacontent | ||
| 337 | |a ohne Hilfsmittel zu benutzen |b n |2 rdamedia | ||
| 338 | |a Band |b nc |2 rdacarrier | ||
| 500 | |a In Fraktur | ||
| 583 | 1 | |a Archivierung/Langzeitarchivierung gewährleistet |f PEBW |x XA-DE-BW |2 pdager |5 DE-24 | |
| 583 | 1 | |a Archivierung/Langzeitarchivierung gewährleistet |f SSG |x XA-DE-BW |2 pdager |5 DE-21 | |
| 600 | 1 | 7 | |0 (DE-588)11851136X |0 (DE-627)133434346 |0 (DE-576)208868054 |a Bismarck, Otto von |d 1815-1898 |2 gnd |
| 650 | 0 | 7 | |0 (DE-588)4049428-7 |0 (DE-627)10618704X |0 (DE-576)209082011 |a Religiosität |2 gnd |
| 787 | 0 | 8 | |i Rezension |a Titius, Arthur, 1864 - 1936 |t Baumgarten, Otto, Bismarcks Glaube |d 1916 |w (DE-627)1476153027 |w (DE-576)406153027 |
| 856 | 4 | 2 | |u http://d-nb.info/579150747/04 |m B:DE-101 |q application/pdf |3 Inhaltsverzeichnis |7 1 |
| 935 | |a mteo | ||
| 936 | r | v | |a BB 1490 |b Einzelbiografien (soweit nicht bei BC - BW) |k Theologie und Religionswissenschaften |k Allgemeines zur Theologie |k Biografisch-bibliografische Nachschlagewerke |k Einzelbiografien (soweit nicht bei BC - BW) |0 (DE-627)1270661221 |0 (DE-625)rvk/9138: |0 (DE-576)200661221 |
| 936 | r | v | |a NP 2790 |b Darstellungen |k Geschichte |k Von der Restauration bis zum Ende des Ersten Weltkrieges (1815 - 1918) |k Zeitalter Bismarcks (1850 - 1890) |k Deutsche Geschichte (1850 - 1890) |k Bismarck |k Darstellungen |0 (DE-627)1270945041 |0 (DE-625)rvk/127535: |0 (DE-576)200945041 |
| 936 | r | v | |a BO 6550 |b Personen |k Theologie und Religionswissenschaften |k Patrologie und Kirchengeschichte |k Kirchengeschichte nach Perioden |k Von der Französischen Revolution bis Pius XII. (1789-1958) |k Darstellungen |k Personen |0 (DE-627)1270651528 |0 (DE-625)rvk/14756: |0 (DE-576)200651528 |
| 936 | b | k | |a 15.36 |j Europäische Geschichte 1815-1914 |q coli-conc RVK->BK |q https://coli-conc.gbv.de/api/mappings/fa2b10c5-c74f-4f08-be74-c8a6e1f5491c |0 (DE-627)18157103X |
| 951 | |a BO | ||
| ELC | |b 1 | ||
| ITA | |a 1 |t 1 | ||
| LOK | |0 000 xxxxxcx a22 zn 4500 | ||
| LOK | |0 001 2002149976 | ||
| LOK | |0 003 DE-627 | ||
| LOK | |0 004 1070313211 | ||
| LOK | |0 005 20001009000000 | ||
| LOK | |0 008 970812||||||||||||||||ger||||||| | ||
| LOK | |0 040 |a DE-21 |c DE-627 |d DE-21 | ||
| LOK | |0 852 |a DE-21 | ||
| LOK | |0 852 1 |c Fo XIIa 1325 da |9 00 | ||
| LOK | |0 935 |a dika | ||
| LOK | |0 939 |a 12-08-97 |b l01 | ||
| LOK | |0 000 xxxxxcx a22 zn 4500 | ||
| LOK | |0 001 2735183408 | ||
| LOK | |0 003 DE-627 | ||
| LOK | |0 004 1070313211 | ||
| LOK | |0 005 20180320140712 | ||
| LOK | |0 008 130118||||||||||||||||ger||||||| | ||
| LOK | |0 040 |a DE-21-32c |c DE-627 |d DE-21-32c | ||
| LOK | |0 541 |e 9663 | ||
| LOK | |0 852 |a DE-21-32c | ||
| LOK | |0 852 1 |c Hc k 5120 |m p |9 00 | ||
| LOK | |0 852 2 |b UG-NG |9 00 | ||
| LOK | |0 935 |a k32c |a ugng | ||
| LOK | |0 938 |k p | ||
| LOK | |0 939 |a 18-01-13 |b l01 | ||
| ORI | |a SA-MARC-ixtheoa001.raw | ||
| REL | |a 1 | ||
| STA | 0 | 0 | |a Religiosity |
| STB | 0 | 0 | |a Religiosité |
| STC | 0 | 0 | |a Religiosidad |
| STD | 0 | 0 | |a Religiosità |
| STE | 0 | 0 | |a 宗教性 |
| STF | 0 | 0 | |a 宗教性 |
| STG | 0 | 0 | |a Religiosidade |
| STH | 0 | 0 | |a Религиозность |
| STI | 0 | 0 | |a Θρησκευτικότητα |
| SUB | |a REL | ||
| SYA | 0 | 0 | |a Bismarck-Schönhausen, Otto Eduard Leopold von,1815-1898,Bismarck, O.,1815-1898,Bismarck-Schoenhausen, Otto von,1815-1898,Bismark, O.,1815-1898,Bismark-Shengauzen, Otto Eduard Leopolʹd fon,1815-1898,Schönhausen, Otto Eduard Leopold von Bismarck-,1815-1898,Bismarck-Schönhausen,1815-1898,Bismark,1815-1898,Bismarck,1815-1898,Bismarck Fürst,1815-1898,Bismarck Graf von,1815-1898,Bismarck Prince de,1815-1898,Bismarck, Otto,1815-1898,Bismarck, Otto Graf von,1815-1898,Bismarck, Otto v.,1815-1898,Bismarck, Otto Eduard Leopold,1815-1898,Bismarck, Otto Eduard Leopold von,1815-1898,Bismarck, Otto Eduard Leopold Fürst von,1815-1898,Bismarck-Schönhausen, Otto von,1815-1898,Bismark, Oto fon,1815-1898,Schönhausen, Otto von Bismarck-,1815-1898,Pi-ssu-mai,1815-1898,Bismark-Shengauzen, Otto Eduard Leopold fon,1815-1898,Bismarck, Otto Fürst von,1815-1898,Bismarck, Ottone di,1815-1898,Bismark, Otto,1815-1898,Bismarck, Otto,Graf von,1815-1898,Bismarck, Otto von,Prince,1815-1898,Von Bismarck, Otto,1815-1898,Otto,Prince von Bismarck,1815-1898,Bismarck, Otto,Fürst von,1815-1898,Bismark, Otto,Fürst von,1815-1898,Bismarck-Schönhausen, Otto Eduard Leopold von,1815-1898,Schönhausen, Otto Eduard Leopold,1815-1898,Fürst Bismarck,1815-1898,Fürst von Bismarck,1815-1898 |
| SYE | 0 | 0 | |a Religiösität,Religiösität |



